Remember Me- d4vd - Statistics

General Stats
  • This quiz has been taken 53 times
  • The average score is 113 of 166
Answer Stats
Answer % Correct
Me
100%
Remember
100%
I
97%
Im
90%
I'm
90%
My
90%
On
87%
Own
87%
A
84%
Too
84%
Could'nt
81%
Couldnt
81%
Far
77%
Gone
77%
See
77%
All
71%
So
68%
When
68%
Dont
65%
That
65%
The
65%
You
65%
You?
65%
Breathe
61%
Not
61%
Times
61%
Deep
58%
Just
58%
Lie
58%
Wanna
58%
Be
55%
Cut
55%
Life
55%
Thats
55%
Hope
52%
Memory
52%
More
52%
Than
52%
Fall
45%
Tell
45%
Asleep
42%
Want
42%
Who
42%
About
39%
Like
39%
Never
39%
Find
35%
If
35%
Is
35%
Someone
35%
Can
32%
Dream
32%
Held
32%
But
29%
It
29%
Mind
29%
Of
29%
Love
26%
Peace
26%
True
26%
Wasnt
23%
Holds
19%
Guess
16%
Oh-oh-oh
6%
No matching quizzes found
Score Distribution
Percent of People with Each Score
Percentile by Number Answered
Your Score History
You have not taken this quiz